000 00809nam a22002537a 4500
003 BPGM
008 260630s20071999mx ||||| ||||o001 p spa|d
020 _aISBN 978-968-9350-09-5
040 _bSPA
041 _aSPA
_hSPA
100 _aBALTAZAR RESENDIZ
240 _aKÈNOSIS
242 _aKÈNOSIS
245 _aKÈNOSIS
_bBALTAZAR RESÈNDIZ
250 _aEJ.1
260 _aFondo Editorial del Estado de Querétaro
_bGobierno del Estado de Querétaro
_cJULIO DEL AÑO 2007
300 _a108 paginas
_c16,2cmx 11cm
336 _2rdacontent
_atexto
_btxt
337 _2rdamedia
_asin mediación
_bn
338 _2rdacarrier
_avolumen
_bnc
650 _aPOESIA ESPAÑOLA
_vLITERATURA Y RETORICA
_xORGANIZACIONES GENERALES Y MUSEOLOGIA
700 _aBALTAZAR KÈNOSIS
_eAutor / Poeta
942 _2ddc
_cCOLQ
999 _c68708
_d68708